Statistics for Biological Levels of Organization

Click here to take the quiz!

General Stats

  • This quiz has been taken 12 times
    (8 since last reset)
  • The average score is 9 of 11

Answer Stats

Answer% Correct
Cell
100%
Organ
100%
Organism
100%
Organ System
100%
Tissue
100%
Community
86%
Population
86%
Biosphere
71%
Ecosystem
71%
Cell Organelle
43%
Biome
29%

Score Distribution

Percentile by Number Answered

Percent of People with Each Score

Your Score History

You have not taken this quiz since the last reset